| 000 | 01045nam a2200373 a 4500 | ||
|---|---|---|---|
| 003 | AR-BaBNM | ||
| 005 | 20251128205203.0 | ||
| 008 | 082120s2002 ||||||||||||||000 | spa|| | ||
| 020 | _a968-16-4103-5 | ||
| 040 | _cAR-BaBNM | ||
| 100 | 1 | _aMorán, Emilio F. | |
| 245 | 0 | 0 | _aLa ecología humana de los pueblos de la Amazonia |
| 250 | _a1ª ed. | ||
| 260 |
_aMéxico, D.F. _bFondo de Cultura Económica _c1993 |
||
| 300 |
_a325 p. _bil., mapas |
||
| 490 | 0 | _aSección de obras de ciencia y tecnología | |
| 500 | _aContiene glosario en p. 271 | ||
| 500 | _aReferencias bibliográficas en p. 281 | ||
| 650 | 4 | _aANTROPOLOGIA CULTURAL Y SOCIAL | |
| 650 | 4 | _aCULTURA | |
| 650 | 4 | _aHISTORIA | |
| 650 | 4 | _aETNOLOGIA | |
| 650 | 4 | _aEVOLUCIONISMO | |
| 650 | 4 | _aDEMOGRAFIA | |
| 650 | 4 | _aGEOGRAFIA HUMANA | |
| 650 | 4 | _aETNOGRAFIA | |
| 650 | 4 | _aESTRUCTURA SOCIAL | |
| 650 | 4 | _aECOLOGIA | |
| 650 | 4 | _aCULTURAS TRADICIONALES | |
| 651 | 4 | _aAmazonia | |
| 700 | 1 |
_aMastrangelo, Stella _etraductor |
|
| 942 | _cBK | ||
| 998 | _cMARTIN | ||
| 999 |
_c10362 _d10362 |
||